000 00614nam a2200229Ia 4500
005 20250425161945.0
008 250425s9999 xx 000 0 und d
020 _a007071231X
041 _aeng
082 _a621.38153
100 _aWOBSCHALL, DAROLD
245 0 _aCIRCUIT DESIGN FOR ELECTRONIC INSTRUMENTATION: ANALOG AND DIGITAL DEVICES FROM SENSOR TO DISPLAY
250 _a2ND ED.
260 _aEstados Unidos
_bMCGRAW-HILL
_c1987
260 _aNEW YORK
300 _a377
650 _aCIRCUITOS
650 _aINSTRUMENTACION ELECTRONICA
650 _aSENSORES
942 _c01
010 _a37173
999 _c219634
_d219634